BUBT Library Online Catalog

Police and the weaker sections. (Record no. 502)

000 -LEADER
fixed length control field 00790nam a22002657a 4500
008 - FIXED-LENGTH DATA ELEMENTS--GENERAL INFORMATION
fixed length control field 130618b xxu||||| |||| 00| 0 eng d
020 ## - INTERNATIONAL STANDARD BOOK NUMBER
International Standard Book Number 81-313-0129-X
024 ## - OTHER STANDARD IDENTIFIER
Terms of availability Available
037 ## - SOURCE OF ACQUISITION
Terms of availability Available
040 ## - CATALOGING SOURCE
Original cataloging agency MBSTU LIBRARY
Modifying agency MBSTU LIBRARY
082 ## - DEWEY DECIMAL CLASSIFICATION NUMBER
Edition number 22
Classification number 363.2 PAP
100 ## - MAIN ENTRY--PERSONAL NAME
Personal name Padhi, N K
110 ## - MAIN ENTRY--CORPORATE NAME
Corporate name or jurisdiction name as entry element Berdell R Funke and Christine L Case.
245 ## - TITLE STATEMENT
Title Police and the weaker sections.
260 ## - PUBLICATION, DISTRIBUTION, ETC. (IMPRINT)
Place of publication, distribution, etc. New Delhi
Name of publisher, distributor, etc. APH Publishing Corporation.
Date of publication, distribution, etc. 2007
300 ## - PHYSICAL DESCRIPTION
Extent 21 cm.
Other physical details X,189 page
Type of unit 5
Size of unit 21 cm.
600 ## - SUBJECT ADDED ENTRY--PERSONAL NAME
Source of heading or term Police services.
650 ## - SUBJECT ADDED ENTRY--TOPICAL TERM
Source of heading or term Police services.
700 ## - ADDED ENTRY--PERSONAL NAME
Personal name Padhi, N K
710 ## - ADDED ENTRY--CORPORATE NAME
Corporate name or jurisdiction name as entry element Berdell R Funke and Christine L Case.
270 ## - ADDRESS
Address New Delhi
City New Delhi
Country India
365 ## - TRADE PRICE
Price amount 695.00
Unit of pricing 695.00
942 ## - ADDED ENTRY ELEMENTS (KOHA)
Source of classification or shelving scheme
Koha item type Books

No items available.

More Information About Library

Library Hours

  • Open: 9.00 am. to 9.00 pm.
  • Only Sunday: 9.00 am. to 6.00 pm.
  • Closed: Holiday

Contact to the University

Bangladesh University of Business and Technology Library

  • Mirpurl-2, 1216.
  • Phone:
  • Fax:
  • E-Mail: admin.library@bubt.edu.bd

Contact to the Library

Contact Person:

Md. Abdul Hakim Shah
Joint Librarian
PABX No:  113
Cell No: 01816332931
E-mail: official: admin.library@bubt.edu.bd
Personal: hakim.shah@bubt.edu.bd


BUBT Library

Copyright © 2021